00419nam a2200121Ia 4500008004100000082002200041100002200063245003000085260004400115300001000159630001800169650011000187211109s9999||||xx |||||||||||||| ||und|| a894.812 09bGEO-U aIrumbayam, George 0aUpasikunnu Dhukhathe Njan bSahithya Pravarthaka...aKottayamc1900 a115p. xGeneral Stack aMalayalam LiteraturevMalayalam Literary CriticismxMalayalam Literature HistoryMalayalam EssaysMalayalam